I'm a celebrity, Get me out of here! (UK) Quiz Stats

Quiz not verified by Sporcle

Challenge
Share
Tweet
Embed
Score 0/13 Timer 05:00
0 Plays Today
Name % Correct
Stacey Solomon
95.7%
Shaun Ryder
80.9%
Gillian McKeith
72.3%
Dom Joly
68.8%
Lembit Opik
58.9%
Jenny Eclair
56.7%
Linford Christie
55.3%
Kayla Collins
49.6%
Aggro Santos
48.2%
Nigel Havers
44.7%
Sheryl Gascoigne
43.3%
Alison Hammond
41.8%
Britt Ekland
37.6%

You're not logged in!

Compare scores with friends on all Sporcle quizzes.
Sign Up with Email
OR
Log In

You Might Also Like...

Show Comments

Extras

Top Quizzes Today


Score Distribution

Your Account Isn't Verified!

In order to create a playlist on Sporcle, you need to verify the email address you used during registration. Go to your Sporcle Settings to finish the process.

Report this User

Report this user for behavior that violates our Community Guidelines.

Details: